000 00597nam a2200181Ia 4500
003 GCL
008 140319s9999 xx 000 0 ara d
040 _aGCL /
_cGCL
082 0 4 _a219.3
_bا ن
100 1 _aابوالاعلى المودودى
245 1 0 _aنظرية الاسلام السياسية (هدية من الاديب عبدالفتاح الجمل) /
_cابوالاعلى المودودى
300 _a63 ص
490 _a
650 0 4 _aالاسلام
650 0 4 _aالاسلام والاصلاح السياسى
650 0 4 _aالشورى فى الاسلام
942 _2ddc
_cBK
999 _c46854
_d46854